Logo BPK

Biblioteka

Politechniki Koszalińskiej

Teaching Language in Context / (Rekord nr 48219)

Szczegóły MARC
000 -ETYKIETA REKORDU
podpole kontrolne o stałej długości 00722nam a2200229 i 4500
001 - NUMER KONTROLNY REKORDU
pole kontrolne bgj
020 ## - MIĘDZYNARODOWY ZNORMALIZOWANY NUMER KSIĄŻKI - ISBN
ISBN 0838440673 (pbk)
040 ## - ŹRÓDŁO KATALOGOWANIA
Instytucja, która utworzyła rekord BPK
041 0# - KOD JĘZYKA
Kod języka tekstu eng
920 ## - Międzynarodowy znormalizowany numer książki – ISBN
ISBN 0-8384-4067-3 (pbk)
008 - POLE O STAŁEJ DŁUGOŚCI - DANE KONTROLNE
podpole kontrolne o stałej długości s uk f |000 0 eng
100 1# - NAZWA OSOBOWA
Nazwa osobowa OMAGGIO-HADLEY, Alice
Daty związane z nazwą (1947- )
245 10 - TYTUŁ/ODPOWIEDZIALNOŚĆ
Tytuł Teaching Language in Context /
Pozostałe elementy strefy tytułu i oznaczenia odpowiedzialności Alice Omaggio Hadley.
250 ## - STREFA WYDANIA
Oznaczenie wydania 2nd edition.
260 ## - STREFA ADRESU WYDAWNICZEGO
Miejsce wydania Boston, Ma :
Nazwa wydawcy/dystrybutora Heinle & Heinle Publishers,
Data publikacji, dystrybucji/powstania dokumentu c. 1993.
300 ## - STREFA OPISU FIZYCZNEGO
Objętość XI, 532 pp :
Inne cechy fizyczne ill. ;
Rozmiary 24 cm.
504 ## - UWAGA DOTYCZĄCA BIBLIOGRAFII
Informacje o bibliografii References after each chapter.
505 ## - SFORMALIZOWANA UWAGA DOTYCZĄCA ZAWARTOŚCI
Pełny tekst uwagi Includes index.
650 #9 - HASŁO PRZEDMIOTOWE W FORMIE NAZWY OGÓLNEJ LUB JEDNOSTKOWEJ
Nazwa ogólna lub geograficzna Language and languages
Określnik ogólny Study and teaching
-- Foreign language
650 #9 - HASŁO PRZEDMIOTOWE W FORMIE NAZWY OGÓLNEJ LUB JEDNOSTKOWEJ
Nazwa ogólna lub geograficzna Languages, Modern
Określnik ogólny Study and teaching
856 ## - LOKALIZACJA I DOSTĘP DO ELEKTRONICZNYCH DOKUMENTÓW ZDALNYCH
Link (URL) http://koha.tu.koszalin.pl/cgi-bin/koha/opac-detail.pl?biblionumber=48219
Tekst linku Katalog online BPK
942 ## - DODATKOWE ELEMENTY (KOHA)
Typ dokumentu Książka
Egzemplarze
Wycofany Status egzemplarza Uszkodzony Dostępność Lokalizacja stała Lokalizacja bieżąca Miejsce przechowywania Sygnatura Kod kreskowy Typ dokumentu
      Tylko na miejscu Biblioteka Politechniki Koszalińskiej Biblioteka Politechniki Koszalińskiej Czytelnia Wydziałowa ul. Kwiatkowskiego 6e KA 5440 09030343 Książka
© 2023 Biblioteka Politechniki Koszalińskiej :: KOHA